000
00249nam a2200085Ia 4500
245
0
_a
Shepherds & butchers
100
_a
MARNEWICK, C G Roggebaai [South Africa], 2008 1st ed
_9
80000
942
_c
BK
008
210817s9999 xx 000 0 und d
999
_c
279823
_d
279822